Statistiken für Die teuersten Fußballtransfers - Italienische Fußballspieler

Klicken Sie hier um das Quiz zu spielen!

Allgemein

  • Dieses Quiz wurde 37 mal gespielt
  • Das Durchschnittsergebnis liegt bei 6 aus 10

Antwortstatistiken

Ablöse (M €)SaisonAbgebender VereinAufnehmender VereinSpieler% Korrekt
64,002023-2024AC MailandNewcastle UnitedSandro Tonali
97%
52,882001-2002AC ParmaJuventus TurinGianluigi Buffon
86%
75,002018-2019SSC NeapelFC ChelseaJorginho Jorginho
86%
45,002023-2024Paris SGAl-Arabi SCMarco Verratti
83%
44,602022-2023AC FlorenzJuventus TurinFederico Chiesa
77%
42,002017-2018Juventus TurinAC MailandLeonardo Bonucci
71%
46,481999-2000Lazio RomInter MailandChristian Vieri
34%
36,402023-2024US SassuoloJuventus TurinManuel Locatelli
34%
40,002017-2018AC FlorenzJuventus TurinFederico Bernardeschi
9%
37,742018-2019Juventus TurinAC MailandMattia Caldara
0%

Verteilung der Resultate

Perzentil nach korrekt beantworteten Fragen

Anzahl Personen mit jedem Resultat

Ihre Resultats-Entwicklung

Sie haben dieses Quiz noch nicht gespielt